Finish that Phrase! "They are my..." - Statistics

General Stats
  • This quiz has been taken 66 times
  • The average score is 4 of 10
Answer Stats
Rank "They are my..." % Correct
1 Friends
83%
2 Family
65%
4 Children
59%
6 Favorite... (People/Flowers)
30%
9 Best... (Friends/Customers)
27%
5 Brothers
25%
3 People
24%
10 Life
19%
7 Sons
17%
8 Own... (Father)
16%
No matching quizzes found
Score Distribution
Percent of People with Each Score
Percentile by Number Answered
Your Score History
You have not taken this quiz